000 00953nam a22002417a 4500
003 BD-DhSAU
005 20220926165717.0
008 150613b2021 bg a|||| m||| 00| 0 eng d
040 _aBD-DhSAU
082 _222
_a630.715
_bSh236
100 _aSHARNA, RAJIA SULTANA
_eRegistration # 14-05980
245 _aRice farmers’ perception on training for fertilizer management /
_bMS thesis
260 _aSher-e-Bangla Agricultural University :
_bDepartment of Agricultural extension and information system,
_cJune, 2021
300 _axi, 71p.:
_bill. , ;
_c30 cm.
504 _aIncludes bibliographical reference.
590 _aNazmul
650 _arice farmers’ perception
650 _afertilizer management
700 _aProf. Md. Mahbubul Alam, Ph.D.
_eSuperviser
700 _aDr. Muhammad Humayun Kabir
_eCo-superviser
856 _uhttp://archive.saulibrary.edu.bd:8080/xmlui/handle/123456789/4164
942 _2ddc
_cTHESIS
999 _c16068
_d16067